| 000 | 01202nam0a2200289 4500 | ||
|---|---|---|---|
| 001 | RU\NLR\BIBL_A\012808204 | ||
| 005 | 20250624164608.0 | ||
| 010 | _95000 | ||
| 035 | _a(NLR Aleph) 012808204 | ||
| 090 |
_a13309735 _c13309735 |
||
| 100 | _a20220602d1972 |||y0rusy50 ca | ||
| 101 | 0 | _ageo | |
| 102 | _aGE | ||
| 105 | _aa z 000 y | ||
| 181 | 0 |
_ai _baxxe |
|
| 182 | 0 | _an | |
| 200 | 1 |
_aარაგვისა და თერგის ხეობა _eისტორიულ-არქიტექტურული გზამკვლევი _fპ. ზაქარაია |
|
| 203 |
_aТекст _bвизуальный _cнепосредственный |
||
| 210 |
_aთბილისი _cსაბჭოთა საქართველო _d1972 |
||
| 215 |
_a56, [3] გვ. _cილ. _d20 |
||
| 541 | 1 |
_6z01790 _aУщелья Арагви и Терека _eисторико-архитектурный путеводитель _zrus |
|
| 700 | 1 |
_aზაქარაია _bპ. _gპარმენ _4070 |
|
| 790 | 1 |
_6z01541 _aЗакарая _bП. П. _gПармен Парнаозович _4070 |
|
| 852 |
_aNLR _bОНЛ _jГруз./3-20980 |
||
| 942 | _cBOOK | ||
| 980 | _aNB | ||